000 00439nam a2200157Ia 4500
008 231217s9999 xx 000 0 und d
041 _aEnglish
082 _a621.1123028 NAR
100 _aNarayanan C P
245 0 _aTransducers and instrumentation: III sem E and C
250 _a2nd ed,
260 _c2001
_bPune: Tecnical Publication
300 _aix+182
650 _aTransducers,instrumentation:,III,semester,E,C
942 _cAA
999 _c169943
_d169943